<?xml version="1.0" encoding="UTF-8"?>
<marc:record xmlns:marc="http://www.loc.gov/MARC21/slim">
   <marc:leader>00000nam a2200000 a 4500</marc:leader>
   <marc:datafield ind1=" " ind2=" " tag="653">
      <marc:subfield code="a">Lieder</marc:subfield>
   </marc:datafield>
   <marc:datafield ind1=" " ind2=" " tag="653">
      <marc:subfield code="a">Traktor</marc:subfield>
   </marc:datafield>
   <marc:datafield ind1=" " ind2=" " tag="653">
      <marc:subfield code="a">Hörfigur</marc:subfield>
   </marc:datafield>
   <marc:datafield ind1="0" ind2="0" tag="245">
      <marc:subfield code="a">Tonies - Timmy Traktor &amp; seine Freunde: Ferien auf dem Bauernhof</marc:subfield>
   </marc:datafield>
   <marc:datafield ind1=" " ind2="1" tag="264">
      <marc:subfield code="b">tonies GmbH</marc:subfield>
      <marc:subfield code="c">2025</marc:subfield>
   </marc:datafield>
   <marc:datafield ind1="1" ind2=" " tag="490">
      <marc:subfield code="a">tonies</marc:subfield>
   </marc:datafield>
   <marc:datafield ind1="1" ind2=" " tag="520">
      <marc:subfield code="a">Endlich Ferien! Die Geschwister Emma und Lu freuen sich riesig, denn es geht auf den Bauernhof! Dort erwarten sie Timmy Traktor und seine Freunde: Ronny, das Pony, Oberhenne Berta und ihre Hühner, die Fliege Flo, Melkroboter Merlin und viele andere Tiere und Fahrzeuge. Basierend auf dem YouTube-Hit .Der rote Traktor. mit über 17 Millionen Aufrufen präsentieren Euch EMMALU und SING KINDERLIEDER mit .Timmy Traktor &amp; seine Freunde. 20 brandneue Bauernhoflieder. Die originellen, lustigen und liebevoll geschriebenen Lieder sind grandios arrangiert und laden Kinder zum Mitsingen, Mittanzen und Lachen ein!... Ab 3 Jahren</marc:subfield>
   </marc:datafield>
   <marc:datafield ind1="3" ind2=" " tag="024">
      <marc:subfield code="a">4251192173591</marc:subfield>
   </marc:datafield>
</marc:record>
